000 00505nam a2200133Ia 4500
008 220214s9999 xx 000 0 und d
100 _aCunneen JI
245 0 _aRubber, polyisoprenes and allied compounds. Part V. The chemical linking of rubber and of other olefins with phenol-formaldehyde resins (British Rubber Producers Research Association Publication No 41)
260 _bJournal of the Chemical society
_c1943
300 _a472-476
700 _aFarmer EHarold
700 _aKoch HP
942 _cRE
999 _c46264
_d46264